| Поле | Название | Значение |
| |
Тип записи |
a |
| |
Библиографический уровень |
m |
| 001 |
Контрольный номер |
RU\infra-m\znanium\bibl\2197115 |
| 005 |
Дата корректировки |
20260429142120.1 |
| 008 |
Кодируемые данные |
250219s2025 RU g rus u |
| 020 |
Индекс ISBN |
__ |
| a |
ISBN |
978-5-8154-0714-5 |
| 040 |
Источник каталогиз. |
__ |
| a |
Служба первич. каталог. |
Общество с ограниченной ответственностью «ЗНАНИУМ» |
| 041 |
Код языка издания |
__ |
| a |
Код языка текста |
rus |
| 044 |
Код страны публикации |
__ |
| a |
Код страны публикации |
RU |
| 080 |
Индекс УДК |
__ |
| a |
Индекс УДК |
94 |
| 084 |
Индекс другой классификации/Индекс ББК |
__ |
| 2 |
Источник индекса |
rubbk |
| a |
Индекс другой классификации/Индекс ББК |
633 |
| 084 |
Индекс другой классификации/Индекс ББК |
__ |
| 2 |
Источник индекса |
okso |
| a |
Индекс другой классификации/Индекс ББК |
42.03.01 |
| 084 |
Индекс другой классификации/Индекс ББК |
__ |
| 2 |
Источник индекса |
okso |
| a |
Индекс другой классификации/Индекс ББК |
42.03.02 |
| 084 |
Индекс другой классификации/Индекс ББК |
__ |
| 2 |
Источник индекса |
okso |
| a |
Индекс другой классификации/Индекс ББК |
42.03.03 |
| 084 |
Индекс другой классификации/Индекс ББК |
__ |
| 2 |
Источник индекса |
okso |
| a |
Индекс другой классификации/Индекс ББК |
43.03.01 |
| 084 |
Индекс другой классификации/Индекс ББК |
__ |
| 2 |
Источник индекса |
okso |
| a |
Индекс другой классификации/Индекс ББК |
43.03.02 |
| 084 |
Индекс другой классификации/Индекс ББК |
__ |
| 2 |
Источник индекса |
okso |
| a |
Индекс другой классификации/Индекс ББК |
44.03.01 |
| 084 |
Индекс другой классификации/Индекс ББК |
__ |
| 2 |
Источник индекса |
okso |
| a |
Индекс другой классификации/Индекс ББК |
48.03.01 |
| 084 |
Индекс другой классификации/Индекс ББК |
__ |
| 2 |
Источник индекса |
okso |
| a |
Индекс другой классификации/Индекс ББК |
50.03.01 |
| 084 |
Индекс другой классификации/Индекс ББК |
__ |
| 2 |
Источник индекса |
okso |
| a |
Индекс другой классификации/Индекс ББК |
51.03.01 |
| 084 |
Индекс другой классификации/Индекс ББК |
__ |
| 2 |
Источник индекса |
okso |
| a |
Индекс другой классификации/Индекс ББК |
53.03.01 |
| 084 |
Индекс другой классификации/Индекс ББК |
__ |
| 2 |
Источник индекса |
okso |
| a |
Индекс другой классификации/Индекс ББК |
54.03.01 |
| 084 |
Индекс другой классификации/Индекс ББК |
__ |
| 2 |
Источник индекса |
okso |
| a |
Индекс другой классификации/Индекс ББК |
54.03.02 |
| 084 |
Индекс другой классификации/Индекс ББК |
__ |
| 2 |
Источник индекса |
okso |
| a |
Индекс другой классификации/Индекс ББК |
54.05.02 |
| 245 |
Заглавие |
__ |
| a |
Заглавие |
Основы российской государственности |
| b |
Продолж. заглавия |
Практикум по дисциплине для укрупненных групп направлений подготовки: 42.00.00 «Средства массовой информации и информационно-библиотечное дело»; 43.00.00 «Сервис и туризм»; 44.00.00 «Образование и пед; Практикум |
| c |
Ответственность |
Кемеровский государственный институт культуры; Кемеровский государственный институт культуры |
| 250 |
Сведения об издании |
__ |
| a |
Основные сведения об издании |
1 |
| 260 |
Выходные данные |
__ |
| a |
Место издания |
Кемерово |
| b |
Издательство |
ФГБОУ ВО "Кемеровский государственный институт культуры" |
| c |
Дата издания |
2024 |
| 300 |
Физическое описание |
__ |
| a |
Объем |
64 с. |
| 520 |
Аннотация |
__ |
| a |
Аннотация |
Практикум включает в себя планы и описания семинарских занятий с методическими указаниями к ним список рекомендуемой литературы а также основные термины и понятия. Для каждой темы практикума предусмотрены задания по организации семинарских занятий и самостоятельной работы студентов помогающие систематизировать и закрепить пройденный материал. |
| 521 |
Примеч. о цел. назн. |
__ |
| a |
Примеч. о целев. назн. |
ВО - Бакалавриат |
| 650 |
Тематические рубрики |
__ |
| a |
Основная рубрика |
Право. Юридические науки |
| x |
Основная подрубрика |
Основы государства и права |
| 655 |
Указ. предметных рубрик (устаревшее) |
__ |
| a |
Жанр/ форма (устаревшее) |
Практикум |
| 700 |
Другие авторы |
__ |
| a |
Другие авторы |
Гизей Ю.Ю. |
| q |
Полное имя |
Гизей Юлия Юрьевна |
| u |
Дополнение |
Кемеровский государственный институт культуры |
| 700 |
Другие авторы |
__ |
| a |
Другие авторы |
Двуреченская А.С. |
| q |
Полное имя |
Двуреченская Анастасия Сергеевна |
| u |
Дополнение |
Кемеровский государственный институт культуры |
| 700 |
Другие авторы |
__ |
| a |
Другие авторы |
Ивлев С.В. |
| q |
Полное имя |
Ивлев Сергей Викторович |
| u |
Дополнение |
Кемеровский государственный университет |
| 700 |
Другие авторы |
__ |
| a |
Другие авторы |
Паничкина Е.В. |
| q |
Полное имя |
Паничкина Елена Васильевна |
| u |
Дополнение |
Кемеровский государственный институт культуры |
| 700 |
Другие авторы |
__ |
| a |
Другие авторы |
Шер А.А. |
| q |
Полное имя |
Шер Анна Алексеевна |
| u |
Дополнение |
Кемеровский государственный институт культуры |
| 856 |
Электронный адрес документа |
4_ |
| a |
Имя сервера/домена |
znanium.ru |
| m |
Помощь |
ebs_support@infra-m.ru |
| n |
Местонахождение сервера |
НИЦ ИНФРА-М |
| u |
URL |
https://znanium.ru/catalog/document?id=460998 |
| 856 |
Электронный адрес документа |
48 |
| a |
Имя сервера/домена |
znanium.ru |
| d |
Путь |
/cover/2197 |
| f |
Электронное имя |
2197115.jpg |
| q |
Тип электронного формата |
image/jpeg |
| u |
URL |
https://znanium.ru/cover/2197/2197115.jpg |
| 911 |
|
__ |
| u |
|
0030=https://znanium.ru/catalog/document?id=460998 |
| 911 |
|
__ |
| u |
|
712a=Кемеровский государственный институт культуры |